| 000 | 01863nam a22002417a 4500 | ||
|---|---|---|---|
| 003 | BJBSDDR | ||
| 005 | 20260429154458.0 | ||
| 007 | ta | ||
| 008 | 260429b DR ||||| |||| 00| 0 spa d | ||
| 020 | _a9789945165883 | ||
| 020 | _a9945165887 | ||
| 040 |
_bspa _cBJBSDDR |
||
| 041 | _aspa | ||
| 050 | _bG216 2013 | ||
| 100 | 1 |
_aGarcía Guerra, Iván _948068 |
|
| 245 | 1 | 0 |
_aManual de dramaturgia / _cIván García Guerra |
| 250 | _aPrimera edición | ||
| 260 |
_aSanto Domingo, República Dominicana : _bEditora Búho, S. R. L., _c2013 |
||
| 300 |
_a261 páginas : _bilustraciones ; _c25 cm |
||
| 505 | _a Para poder comenzar: Razón de ser de un Manual de Dramaturgia El autor y su obra: Dramaturgia El dramaturgo El dramaturgista La obra teatral Los elementos básicos: El contenido de la obra: La Tesis ; El Tema ; La Trama ; Los Personajes ; La Intriga Las fuerzas instintivas o los impulsos básicos El complejo característico. Los atributos La Situación El meollo del asunto : La estructura externa Algunas precisiones sobre acción y conflicto La estructura Interna Sobre los cuadros y los actos Necesarias precisiones formales: Géneros Teatrales : Tragedia ; Comedia ; Drama Las formas o escuelas teatrales : Forma Cerrada ; Forma Abierta Estilos Teatrales El complejo característico Y ahora las palabras : Cuándo hay que sentarse a escribir {Qué es escribir? La forma El diálogo El lenguaje teatral Para un final: {Qué teatro escribir en el futuro? Anexos: Poética Aristóteles: Capítulo I - Capítulo XXVI ; Biblioigrafía Poética de Aristóteles Epístola ad Pisones: Quinto Horacio Flaco El nuevo Arte de Hacer Comedias en Este Tiempo: Lope De Vega El Pequeño Órganon para Teatro: Bertolt Brecht : Valoración doctrinal Dramaturgia. Bibliografía parcial | ||
| 942 |
_2lcc _n0 _cBK |
||
| 946 | _icmc | ||
| 999 |
_c126960 _d126960 |
||